| 000 | 00564nam a2200205 i 4500 | ||
|---|---|---|---|
| 001 | 74146 | ||
| 003 | ES-MaACL | ||
| 005 | 20230906172031.0 | ||
| 007 | t| | ||
| 008 | 040915s1958 sp ||||1| spa d | ||
| 100 | 1 |
_aGonzález-Alegre, Ramón. _958405 |
|
| 245 | 1 | 4 |
_aLos manantiales / _cRamón González-Alegre. |
| 260 |
_aVigo : _b[s.n., _c1958] ( _fFaro de Vigo) |
||
| 300 |
_a51 p. ; _c20 cm. |
||
| 490 | 1 | _aAlba | |
| 830 | 0 |
_aAlba _9231202 |
|
| 852 |
_aES-MaACL _j2002-F-21 _bR.42290 |
||
| 852 |
_aES-MaACL _j1989-F-20 _bR.49081 |
||
| 999 |
_c74146 _d74146 |
||